书目信息 |
| 题名: |
大学生必知基本经济常识
|
|
| 作者: | 岳雷 主编 | |
| 分册: | ||
| 出版信息: | 北京 中国时代经济出版社 2003 |
|
| 页数: | 396页 | |
| 开本: | 21cm | |
| 丛书名: | 大学生基本常识丛书 | |
| 单 册: | ||
| 中图分类: | F0-49 | |
| 科图分类: | ||
| 主题词: | 经济学--青年读物 , 经济学 | |
| 电子资源: | ||
| ISBN: | 7-80169-436-8 | |
| 000 | 00916oam2 2200265 450 | |
| 001 | 012007821576 | |
| 005 | 20070605150309.00 | |
| 010 | @a7-80169-436-8@dCNY24.00 | |
| 100 | @a20070602d2003 km y0chiy0120 ea | |
| 101 | 0 | @achi |
| 102 | @aCN@b110000 | |
| 105 | @aa z 000yy | |
| 106 | @ar | |
| 200 | 1 | @a大学生必知基本经济常识@Ada xue sheng bi zhi ji ben jing ji chang shi@f岳雷主编@Fyue lei zhu bian |
| 210 | @a北京@c中国时代经济出版社@d2003 | |
| 215 | @a396页@c图@d21cm | |
| 225 | 2 | @a大学生基本常识丛书 |
| 330 | @a本书系统全面的介绍了古典经济学、近代经济学说、微观经济学等古今中外的基本经济常识。全书共分四章,内容包括:西方经济学概述,现代经济学的基本内容,经济全球化,经济浪潮中的三大产业。 | |
| 461 | 0 | @12001 @a大学生基本常识丛书 |
| 606 | 0 | @a经济学@j青年读物 |
| 606 | 0 | @a经济学 |
| 690 | @aF0-49@v4 | |
| 701 | 0 | @a岳雷@Ayue lei@4主编 |
| 801 | 0 | @aCN@bRULIN@c20070605 |
| 905 | @dF0-49@e306@s8 | |
| 大学生必知基本经济常识/岳雷主编.-北京:中国时代经济出版社,2003 |
| 396页:图;21cm.-(大学生基本常识丛书) |
| ISBN 7-80169-436-8:CNY24.00 |
| 本书系统全面的介绍了古典经济学、近代经济学说、微观经济学等古今中外的基本经济常识。全书共分四章,内容包括:西方经济学概述,现代经济学的基本内容,经济全球化,经济浪潮中的三大产业。 |
| ● |
| 相关链接 |
|
|
|
|
正题名:大学生必知基本经济常识
索取号:F0-49/306
 
预约/预借
| 序号 | 登录号 | 条形码 | 馆藏地/架位号 | 状态 | 备注 |
| 1 | 0582452 | 205824526 | 第一样本阅览室/ [索取号:F0-49/306] | 在馆 | |
| 2 | 0582453 | 205824535 | 第一借阅区/ [索取号:F0-49/306] | 在馆 | |
| 3 | 0582454 | 205824544 | 第一借阅区/ [索取号:F0-49/306] | 在馆 | |
| 4 | 0582455 | 205824553 | 第一借阅区/ [索取号:F0-49/306] | 在馆 | |
| 5 | 0582456 | 205824562 | 第一借阅区/ [索取号:F0-49/306] | 在馆 | |
| 6 | 0582457 | 205824571 | 第一借阅区/ [索取号:F0-49/306] | 在馆 | |
| 7 | 0582458 | 205824580 | 第一借阅区/ [索取号:F0-49/306] | 在馆 | |
| 8 | 0582459 | 205824599 | 第一借阅区/ [索取号:F0-49/306] | 在馆 |